Smart cities (Record no. 116133)
[ view plain ]
| 000 -LEADER | |
|---|---|
| fixed length control field | 01359cad a22002655a 4500 |
| 001 - CONTROL NUMBER | |
| control field | L159829 |
| 008 - FIXED-LENGTH DATA ELEMENTS--GENERAL INFORMATION | |
| fixed length control field | 100415u20140410xxk g 000 0 eng d |
| 020 ## - INTERNATIONAL STANDARD BOOK NUMBER | |
| International Standard Book Number | 9780580852473 |
| 035 ## - SYSTEM CONTROL NUMBER | |
| System control number | (Sirsi) u159829 |
| 041 0# - LANGUAGE CODE | |
| Language code of text/sound track or separate title | eng |
| 110 ## - MAIN ENTRY--CORPORATE NAME | |
| Corporate name or jurisdiction name as entry element | British Standards Institution |
| 9 (RLIN) | 130 |
| 245 04 - TITLE STATEMENT | |
| Title | Smart cities |
| Remainder of title | Guide to the role of the planning and development process |
| -- | D 8101:2014 |
| Medium | [electronic resource] |
| 260 ## - PUBLICATION, DISTRIBUTION, ETC. | |
| Place of publication, distribution, etc. | [S.l.] |
| Name of publisher, distributor, etc. | BSI |
| Date of publication, distribution, etc. | 2014 |
| 520 ## - SUMMARY, ETC. | |
| Summary, etc. | Provides guidance on how the planning and implementation of developments and infrastructure projects can equip cities to benefit from smart technologies. The guide is relevant to major developments, infrastructure projects, refurbishment programmes and improvements to public spaces. It considers how each stage of the planning and development process could support smart city opportunities and sets out what needs to be done at each stage. |
| 590 ## - LOCAL NOTE (RLIN) | |
| Local note | KA NTK |
| 650 24 - SUBJECT ADDED ENTRY--TOPICAL TERM | |
| Topical term or geographic name entry element | SMART CITIES |
| 650 24 - SUBJECT ADDED ENTRY--TOPICAL TERM | |
| Topical term or geographic name entry element | BIG DATA |
| 650 24 - SUBJECT ADDED ENTRY--TOPICAL TERM | |
| Topical term or geographic name entry element | OPEN DATA |
| 650 24 - SUBJECT ADDED ENTRY--TOPICAL TERM | |
| Topical term or geographic name entry element | Infrastructure |
| 9 (RLIN) | 6246 |
| 651 #4 - SUBJECT ADDED ENTRY--GEOGRAPHIC NAME | |
| Geographic name | United Kingdom |
| Chronological subdivision | |
| 651 #4 - SUBJECT ADDED ENTRY--GEOGRAPHIC NAME | |
| Geographic name | International |
| 690 ## - LOCAL SUBJECT ADDED ENTRY--TOPICAL TERM (OCLC, RLIN) | |
| Topical term or geographic name as entry element | Planning and development |
| 9 (RLIN) | 6259 |
| 856 40 - ELECTRONIC LOCATION AND ACCESS | |
| Uniform Resource Identifier | <a href="https://eu-chinasmartcities.eu/sites/default/files/BSI%20guide%20to%20the%20role%20of%20the%20planning%20and%20development%20process.pdf">https://eu-chinasmartcities.eu/sites/default/files/BSI%20guide%20to%20the%20role%20of%20the%20planning%20and%20development%20process.pdf</a> |
| Public note | View the research free of charge at eu-chinasmartcities.eu |
| 942 ## - ADDED ENTRY ELEMENTS (KOHA) | |
| Suppress in OPAC | 0 |
| Withdrawn status | Lost status | Source of classification or shelving scheme | Damaged status | Not for loan | Home library | Current library | Shelving location | Date acquired | Total Checkouts | Full call number | Barcode | Date last seen | Copy number | Price effective from | Koha item type |
|---|---|---|---|---|---|---|---|---|---|---|---|---|---|---|---|
| Dewey Decimal Classification | Virtual | Virtual | Online | 12/03/2018 | ONLINE PUBLICATION | 159829-2001 | 06/08/2019 | 1 | 06/08/2019 | Book |